[Event "Bay Area op"]
[Site "Burlingame"]
[Date "2019.01.07"]
[Round "9"]
[White "Arne, Mike"]
[Black "Harazinska, Ewa"]
[Result "1/2-1/2"]
[WhiteElo "2124"]
[BlackElo "2222"]
[PlyCount "41"]
[EventDate "2019.01.01"]
[EventType "swiss"]
[EventRounds "9"]
[EventCountry "USA"]
[SourceTitle "CBM 188 Extra"]
[Source "ChessBase"]
[SourceDate "2019.02.26"]
[SourceVersion "1"]
[SourceVersionDate "2019.02.26"]
[SourceQuality "1"]

1. d4 Nf6 2. c4 e6 3. Nc3 Bb4 4. f3 c5 5. a3 Bxc3+ 6. bxc3 d6 7. e4 0-0 8. Bg5 Qc7 9. Bxf6 gxf6 10. d5 Re8 11. Kf2 Qe7 12. Qd2 f5 13. exf5 exd5 14. g4 dxc4 15. Bxc4 Bxf5 16. gxf5 Qh4+ 17. Kg2 Qxc4 18. Qg5+ Kh8 19. Qf6+ Kg8 20. Qg5+ Kh8 21. Qf6+ 1/2-1/2

[Event "Bay Area op"]
[Site "Burlingame"]
[Date "2019.01.04"]
[Round "5"]
[White "Marek, Matyas"]
[Black "Harazinska, Ewa"]
[Result "1/2-1/2"]
[WhiteElo "2358"]
[BlackElo "2222"]
[PlyCount "28"]
[EventDate "2019.01.01"]
[EventType "swiss"]
[EventRounds "9"]
[EventCountry "USA"]
[SourceTitle "CBM 188 Extra"]
[Source "ChessBase"]
[SourceDate "2019.02.26"]
[SourceVersion "1"]
[SourceVersionDate "2019.02.26"]
[SourceQuality "1"]

1. e4 c5 2. Nf3 d6 3. d4 cxd4 4. Nxd4 Nf6 5. Nc3 a6 6. f3 e5 7. Nb3 Be6 8. Be3 b5 9. Nd5 Bxd5 10. exd5 Nbd7 11. Qd2 g6 12. Be2 Rc8 13. 0-0 Nb6 14. f4 Nbxd5 1/2-1/2

[Event "Prague op 17th"]
[Site "Prague"]
[Date "2018.01.16"]
[Round "6"]
[White "Tatarintsev, Egor"]
[Black "Harazinska, Ewa"]
[Result "1/2-1/2"]
[WhiteElo "2100"]
[BlackElo "2245"]
[PlyCount "36"]
[EventDate "2018.01.12"]
[EventType "swiss"]
[EventRounds "9"]
[EventCountry "CZE"]
[SourceTitle "CBM 182 Extra"]
[Source "ChessBase"]
[SourceDate "2018.02.23"]
[SourceVersion "1"]
[SourceVersionDate "2018.02.23"]
[SourceQuality "1"]

1. d4 Nf6 2. c4 e6 3. Nf3 d5 4. Qc2 dxc4 5. Qxc4 b6 6. e3 Bb7 7. Qa4+ Nbd7 8. Nc3 c5 9. dxc5 Bxc5 10. Ba6 Bxa6 11. Qxa6 Bb4 12. Bd2 0-0 13. 0-0 Nc5 14. Qe2 Qd3 15. Rfd1 Rfd8 16. Be1 Qxe2 17. Nxe2 Bxe1 18. Nxe1 Rac8 1/2-1/2

[Event "Charlotte CCCSA IM-B"]
[Site "Charlotte"]
[Date "2017.03.31"]
[Round "5"]
[White "Martin Del Campo C, Roberto Abel"]
[Black "Harazinska, Ewa"]
[Result "1-0"]
[WhiteElo "2392"]
[BlackElo "2257"]
[PlyCount "97"]
[EventDate "2017.03.29"]
[EventType "tourn"]
[EventRounds "9"]
[EventCountry "USA"]
[EventCategory "3"]
[SourceTitle "CBM 177 Extra"]
[Source "ChessBase"]
[SourceDate "2017.04.27"]
[SourceVersion "1"]
[SourceVersionDate "2017.04.27"]
[SourceQuality "1"]

1. e4 e5 2. Nf3 Nc6 3. Bc4 Bc5 4. c3 Nf6 5. d4 exd4 6. cxd4 Bb4+ 7. Nc3 Nxe4 8. 0-0 Bxc3 9. d5 Ne5 10. bxc3 Nxc4 11. Qd4 0-0 12. Qxe4 Nd6 13. Qf4 Qf6 14. Qxf6 gxf6 15. Ba3 b5 16. Nd4 Rb8 17. Rfe1 Bb7 18. Bxd6 cxd6 19. Nf5 Rfe8 20. Rxe8+ Rxe8 21. Nxd6 Rb8 22. Rd1 Ba8 23. g4 Kf8 24. Ne4 Kg7 25. f3 Re8 26. Nd6 Re5 27. Nxb5 Rxd5 28. Nd4 Ra5 29. Nf5+ Kg6 30. Rxd7 Kg5 31. Kf2 Rxa2+ 32. Kg3 h5 33. h4+ Kg6 34. Rd8 hxg4 35. Ne7+ Kg7 36. Rxa8 gxf3 37. Kxf3 Ra3 38. Rc8 a5 39. Ke4 Ra1 40. Kd4 Re1 41. Rc7 a4 42. Ra7 a3 43. Nd5 f5 44. Rxa3 Re4+ 45. Kc5 Rxh4 46. c4 Re4 47. Kb5 Rd4 48. Rg3+ Kf8 49. Rf3 1-0

[Event "Charlotte CCCSA IM-B"]
[Site "Charlotte"]
[Date "2017.03.30"]
[Round "3"]
[White "Wang, Tianqi"]
[Black "Harazinska, Ewa"]
[Result "1/2-1/2"]
[WhiteElo "2215"]
[BlackElo "2257"]
[PlyCount "45"]
[EventDate "2017.03.29"]
[EventType "tourn"]
[EventRounds "9"]
[EventCountry "USA"]
[EventCategory "3"]
[SourceTitle "CBM 177 Extra"]
[Source "ChessBase"]
[SourceDate "2017.04.27"]
[SourceVersion "1"]
[SourceVersionDate "2017.04.27"]
[SourceQuality "1"]

1. d4 Nf6 2. Bf4 d5 3. e3 Bf5 4. Nf3 c5 5. dxc5 Qa5+ 6. Nc3 Bd7 7. Nd4 Qxc5 8. Nb3 Qc8 9. Nxd5 Nxd5 10. Qxd5 e6 11. Qc4 Nc6 12. c3 e5 13. Bg3 Be6 14. Qe4 f5 15. Qa4 Bd6 16. 0-0-0 Qc7 17. Bc4 Bd7 18. Bb5 a6 19. f3 0-0-0 20. Bxc6 Bxc6 21. Qa5 Qe7 22. Rd2 Bc7 23. Qc5 1/2-1/2

[Event "Warsaw Najdorf Memorial op-A 14th"]
[Site "Warsaw"]
[Date "2016.07.14"]
[Round "7"]
[White "Harazinska, Ewa"]
[Black "Piscopo, Pierluigi"]
[Result "0-1"]
[WhiteElo "2279"]
[BlackElo "2429"]
[PlyCount "110"]
[EventDate "2016.07.08"]
[EventType "swiss"]
[EventRounds "9"]
[EventCountry "POL"]
[SourceTitle "CBM 173 Extra"]
[Source "ChessBase"]
[SourceDate "2016.08.29"]
[SourceVersion "1"]
[SourceVersionDate "2016.08.29"]
[SourceQuality "1"]

1. d4 Nf6 2. c4 g6 3. Nc3 Bg7 4. e4 0-0 5. Be2 d6 6. Bg5 c5 7. e5 cxd4 8. exf6 exf6 9. Bd2 dxc3 10. Bxc3 Nc6 11. Nf3 Be6 12. 0-0 Rc8 13. Qd2 Ne5 14. b3 d5 15. c5 Re8 16. b4 b6 17. cxb6 Qxb6 18. Rac1 Bg4 19. Bd4 Qb8 20. Rxc8 Rxc8 21. Nxe5 Bxe2 22. Nd7 Qb5 23. Re1 Qxd7 24. Qxe2 f5 25. Bc5 Bc3 26. Rd1 a5 27. a3 Qa4 28. h3 Re8 29. Qf3 Qxa3 30. Qxd5 axb4 31. Qd7 Qa8 32. Qb5 Qb8 33. Qc4 Qc7 34. Qd5 h5 35. Bd6 Qb6 36. Bc5 Qb5 37. Qd6 Qe2 38. Rc1 Qe1+ 39. Rxe1 Rxe1+ 40. Kh2 Be5+ 41. Qxe5 Rxe5 42. Bxb4 f4 43. Bd6 Re4 44. Bc7 Kf8 45. Bd6+ Ke8 46. Bc7 Kd7 47. Bb6 Kc6 48. Ba7 Kd5 49. Bb6 Rb4 50. Ba7 Ke4 51. f3+ Kd3 52. Bc5 Ra4 53. Bd6 Ke2 54. Kg1 Ra1+ 55. Kh2 Kf1 0-1

[Event "Warsaw Najdorf Memorial op-A 14th"]
[Site "Warsaw"]
[Date "2016.07.12"]
[Round "5"]
[White "Harazinska, Ewa"]
[Black "Abdumalik, Zhansaya"]
[Result "0-1"]
[WhiteElo "2279"]
[BlackElo "2382"]
[PlyCount "88"]
[EventDate "2016.07.08"]
[EventType "swiss"]
[EventRounds "9"]
[EventCountry "POL"]
[SourceTitle "CBM 173 Extra"]
[Source "ChessBase"]
[SourceDate "2016.08.29"]
[SourceVersion "1"]
[SourceVersionDate "2016.08.29"]
[SourceQuality "1"]

1. Nf3 Nf6 2. c4 c5 3. Nc3 Nc6 4. g3 d5 5. d4 e6 6. cxd5 Nxd5 7. Bg2 cxd4 8. Nxd4 Nxc3 9. bxc3 Nxd4 10. Qxd4 Qxd4 11. cxd4 Bd6 12. Rb1 Rb8 13. 0-0 b6 14. Bf4 Bxf4 15. gxf4 Bb7 16. Rfd1 Bxg2 17. Kxg2 Ke7 18. e4 Rhd8 19. Rb3 Rbc8 20. Kf3 f5 21. e5 Rd5 22. Ke3 Ra5 23. Rd2 Rc4 24. Ke2 Kf7 25. Kd3 Raa4 26. Ke3 Ke7 27. f3 Ra5 28. h4 Kf7 29. Kd3 Rc1 30. Rbb2 Ra3+ 31. Ke2 Rh1 32. Rbc2 Rh2+ 33. Kd1 Rh1+ 34. Ke2 Rxh4 35. Rc7+ Kg6 36. Re7 Rxf4 37. Rxe6+ Kf7 38. Rc6 Raxf3 39. Rc7+ Ke6 40. Rc6+ Kd7 41. Rd6+ Ke7 42. d5 Rf2+ 43. Kd3 Rxd2+ 44. Kxd2 Re4 0-1

[Event "Warsaw Najdorf Memorial op-A 14th"]
[Site "Warsaw"]
[Date "2016.07.09"]
[Round "2"]
[White "Fieberg, Samuel"]
[Black "Harazinska, Ewa"]
[Result "0-1"]
[WhiteElo "2132"]
[BlackElo "2279"]
[PlyCount "48"]
[EventDate "2016.07.08"]
[EventType "swiss"]
[EventRounds "9"]
[EventCountry "POL"]
[SourceTitle "CBM 173 Extra"]
[Source "ChessBase"]
[SourceDate "2016.08.29"]
[SourceVersion "1"]
[SourceVersionDate "2016.08.29"]
[SourceQuality "1"]

1. e4 e6 2. Nf3 d5 3. Nc3 Nf6 4. e5 Nfd7 5. d4 c5 6. Bg5 Qb6 7. dxc5 Bxc5 8. Qd2 Nc6 9. 0-0-0 Qa5 10. a3 a6 11. h4 b5 12. Kb1 0-0 13. Bh6 f6 14. Bxg7 Kxg7 15. exf6+ Nxf6 16. g4 b4 17. Qg5+ Kh8 18. axb4 Bxb4 19. Qh6 Nxg4 20. Qh5 Bxc3 21. Bd3 Nf6 22. Qh6 Qb4 23. Qc1 Rb8 24. b3 Qa5 0-1

[Event "Warsaw Najdorf Memorial op-A 14th"]
[Site "Warsaw"]
[Date "2016.07.08"]
[Round "1"]
[White "Harazinska, Ewa"]
[Black "Tomczak, Jacek"]
[Result "0-1"]
[WhiteElo "2279"]
[BlackElo "2583"]
[PlyCount "86"]
[EventDate "2016.07.08"]
[EventType "swiss"]
[EventRounds "9"]
[EventCountry "POL"]
[SourceTitle "CBM 173 Extra"]
[Source "ChessBase"]
[SourceDate "2016.08.29"]
[SourceVersion "1"]
[SourceVersionDate "2016.08.29"]
[SourceQuality "1"]

1. d4 Nf6 2. c4 e6 3. Nc3 Bb4 4. Qc2 d5 5. cxd5 exd5 6. a3 Bxc3+ 7. bxc3 c5 8. Nf3 Qc7 9. e3 cxd4 10. Nxd4 Nc6 11. Bd3 0-0 12. 0-0 Ne5 13. a4 Bd7 14. Nb5 Bxb5 15. Bxb5 Ne4 16. Bb2 Rac8 17. Rad1 Rfd8 18. Bd3 Nxd3 19. Rxd3 Nc5 20. Rd4 Ne6 21. Rh4 h6 22. Qf5 Qe7 23. Rg4 Rc4 24. Rd1 g6 25. h3 Ng5 26. Qd3 Ne4 27. f3 f5 28. fxe4 fxg4 29. exd5 Qe4 30. hxg4 Rxa4 31. Qxe4 Rxe4 32. Kf2 Rde8 33. d6 Rf8+ 34. Kg1 Rd8 35. Kf2 Rxg4 36. Ba3 Kf7 37. Kf3 Rc4 38. Rd3 Ke6 39. e4 b6 40. Ke3 Ra4 41. c4 Rxc4 42. Rb3 a6 43. Kd3 b5 0-1

[Event "Mitropa Cup (Women)"]
[Site "Prague"]
[Date "2016.06.27"]
[Round "9.2"]
[White "Brunello, Marina"]
[Black "Harazinska, Ewa"]
[Result "1-0"]
[WhiteElo "2326"]
[BlackElo "2301"]
[PlyCount "133"]
[EventDate "2016.06.19"]
[EventType "team-tourn"]
[EventRounds "9"]
[EventCountry "CZE"]
[SourceTitle "CBM 173 Extra"]
[Source "ChessBase"]
[SourceDate "2016.08.29"]
[SourceVersion "1"]
[SourceVersionDate "2016.08.29"]
[SourceQuality "1"]
[WhiteTeam "Italy (W)"]
[BlackTeam "Poland (W)"]
[WhiteTeamCountry "ITA"]
[BlackTeamCountry "POL"]

1. e4 c5 2. Nf3 e6 3. d4 cxd4 4. Nxd4 a6 5. Nc3 Qc7 6. Be2 Nf6 7. Be3 Bb4 8. 0-0 Bxc3 9. bxc3 Nxe4 10. Bd3 Nf6 11. c4 d6 12. Qf3 e5 13. Nf5 Bxf5 14. Qxf5 Nbd7 15. Bg5 0-0 16. Rae1 Rfe8 17. Re3 e4 18. Be2 Qc5 19. Qf4 Kf8 20. Qh4 h6 21. Bf4 Ng8 22. Qg3 Ne5 23. Rxe4 Nf6 24. Re3 Nxc4 25. Bxc4 Qxc4 26. Bxh6 gxh6 27. Qxd6+ Kg7 28. Rg3+ Kh7 29. Qxf6 Rg8 30. Qf5+ Kh8 31. Rb3 Rg6 32. g3 b5 33. Re1 Rd8 34. h4 Kg7 35. a3 Rf6 36. Qe5 Qxc2 37. Rf3 Rdd6 38. Rxf6 Rxf6 39. Qd4 Kg6 40. h5+ Kg7 41. Re4 Qc1+ 42. Kh2 Qc4 43. Rg4+ Kh7 44. Qxf6 Qxg4 45. Qxf7+ Kh8 46. Kg2 Qe4+ 47. Kh3 a5 48. f4 Qh1+ 49. Kg4 Qd1+ 50. Kf5 Qd3+ 51. Kf6 Qd4+ 52. Kg6 Qd6+ 53. Kf5 Qd3+ 54. Ke5 Qe3+ 55. Kd6 Qxg3 56. Kc5 Qxa3+ 57. Kxb5 Qb4+ 58. Ka6 a4 59. Qf6+ Kg8 60. Qg6+ Kf8 61. Qxh6+ Ke8 62. Qe6+ Kd8 63. h6 Kc7 64. h7 a3 65. Qf7+ Kc6 66. Qg6+ Kc7 67. Qc2+ 1-0

[Event "Mitropa Cup (Women)"]
[Site "Prague"]
[Date "2016.06.23"]
[Round "5.2"]
[White "Froewis, Annika"]
[Black "Harazinska, Ewa"]
[Result "0-1"]
[WhiteElo "2094"]
[BlackElo "2301"]
[PlyCount "72"]
[EventDate "2016.06.19"]
[EventType "team-tourn"]
[EventRounds "9"]
[EventCountry "CZE"]
[SourceTitle "CBM 173 Extra"]
[Source "ChessBase"]
[SourceDate "2016.08.29"]
[SourceVersion "1"]
[SourceVersionDate "2016.08.29"]
[SourceQuality "1"]
[WhiteTeam "Austria (W)"]
[BlackTeam "Poland (W)"]
[WhiteTeamCountry "AUT"]
[BlackTeamCountry "POL"]

1. e4 c5 2. Nf3 e6 3. d4 cxd4 4. Nxd4 a6 5. Nc3 Qc7 6. Be2 Nf6 7. 0-0 b5 8. a3 Bb7 9. Bf3 d6 10. Qe2 Nbd7 11. g3 Be7 12. Bg2 Ne5 13. f4 Qc5 14. Rd1 Neg4 15. e5 dxe5 16. fxe5 Rd8 17. Bxb7 Rxd4 18. Rxd4 Qxd4+ 19. Kg2 Nxe5 20. Bxa6 b4 21. Be3 Qd6 22. Bb5+ Ned7 23. axb4 0-0 24. Bxd7 Qxd7 25. b5 Bb4 26. Ra7 Qd6 27. Qd3 Ng4 28. Bf4 Qc5 29. Ra1 Qf2+ 30. Kh3 h5 31. Qd2 Qf3 32. Qe2 Nf2+ 33. Kh4 Be7+ 34. Bg5 Bxg5+ 35. Kxg5 Qf6+ 36. Kxh5 Qh6# 0-1

[Event "Mitropa Cup (Women)"]
[Site "Prague"]
[Date "2016.06.20"]
[Round "2.2"]
[White "Vajda, Szidonia"]
[Black "Harazinska, Ewa"]
[Result "1-0"]
[WhiteElo "2345"]
[BlackElo "2301"]
[PlyCount "67"]
[EventDate "2016.06.19"]
[EventType "team-tourn"]
[EventRounds "9"]
[EventCountry "CZE"]
[SourceTitle "CBM 173 Extra"]
[Source "ChessBase"]
[SourceDate "2016.08.29"]
[SourceVersion "1"]
[SourceVersionDate "2016.08.29"]
[SourceQuality "1"]
[WhiteTeam "Hungary (W)"]
[BlackTeam "Poland (W)"]
[WhiteTeamCountry "HUN"]
[BlackTeamCountry "POL"]

1. d4 Nf6 2. c4 c5 3. d5 b5 4. cxb5 a6 5. bxa6 d6 6. Nc3 g6 7. Nf3 Bg7 8. e4 0-0 9. h3 Nfd7 10. Be2 Bxa6 11. 0-0 Qb6 12. Bxa6 Nxa6 13. Re1 Rfb8 14. Re2 Qa5 15. Bg5 Kf8 16. Rc1 Rb7 17. Qd2 Rab8 18. b3 c4 19. Nd4 Ne5 20. Nc6 Nxc6 21. dxc6 Rc7 22. Nd5 Qxd2 23. Rxd2 Rxc6 24. Bxe7+ Ke8 25. Rxc4 Rxc4 26. bxc4 Rb1+ 27. Kh2 Nc5 28. Bxd6 Nxe4 29. Re2 Kd7 30. Bf4 f5 31. f3 g5 32. fxe4 gxf4 33. exf5 Bd4 34. Nxf4 1-0

[Event "POL-ch (Women)"]
[Site "Poznan"]
[Date "2016.04.07"]
[Round "9"]
[White "Harazinska, Ewa"]
[Black "Rajlich, Iweta"]
[Result "0-1"]
[WhiteElo "2310"]
[BlackElo "2389"]
[PlyCount "86"]
[EventDate "2016.03.30"]
[EventType "tourn"]
[EventRounds "9"]
[EventCountry "POL"]
[EventCategory "4"]
[SourceTitle "CBM 171 Extra"]
[Source "ChessBase"]
[SourceDate "2016.04.26"]
[SourceVersion "1"]
[SourceVersionDate "2016.04.26"]
[SourceQuality "1"]

1. Nf3 e6 2. c4 c5 3. d4 cxd4 4. Nxd4 b6 5. e4 Bb7 6. f3 d6 7. Nc3 Nf6 8. Be2 Be7 9. 0-0 0-0 10. Be3 Re8 11. Qd2 a6 12. Rfd1 Qc7 13. Rac1 Nbd7 14. Qe1 Rac8 15. Kh1 Qb8 16. Qg1 Bd8 17. Bf2 Ne5 18. b3 Bc7 19. Nc2 Ned7 20. Ne3 Nh5 21. Nc2 Nf4 22. Bf1 h5 23. Nb4 Nc5 24. Nc2 Ng6 25. b4 Nd7 26. Rb1 Nge5 27. c5 b5 28. a4 bxa4 29. b5 axb5 30. Bxb5 Qa8 31. Bxa4 Bc6 32. Bxc6 Qxc6 33. Nb4 Qa8 34. cxd6 Bxd6 35. Rxd6 Rxc3 36. f4 Ng4 37. Rd3 Rxd3 38. Nxd3 Qxe4 39. Rd1 Ndf6 40. Bd4 Rd8 41. Bxf6 gxf6 42. Nb2 Rxd1 43. Nxd1 Qe2 0-1

[Event "POL-ch (Women)"]
[Site "Poznan"]
[Date "2016.03.30"]
[Round "1"]
[White "Socko, Monika"]
[Black "Harazinska, Ewa"]
[Result "1-0"]
[WhiteElo "2461"]
[BlackElo "2310"]
[PlyCount "164"]
[EventDate "2016.03.30"]
[EventType "tourn"]
[EventRounds "9"]
[EventCountry "POL"]
[EventCategory "4"]
[SourceTitle "CBM 171 Extra"]
[Source "ChessBase"]
[SourceDate "2016.04.26"]
[SourceVersion "1"]
[SourceVersionDate "2016.04.26"]
[SourceQuality "1"]

1. d4 Nf6 2. c4 e6 3. g3 d5 4. Bg2 Bb4+ 5. Bd2 Be7 6. Nf3 0-0 7. 0-0 b6 8. cxd5 exd5 9. Nc3 c5 10. Rc1 Bb7 11. dxc5 bxc5 12. Nh4 Qd7 13. Bg5 Rd8 14. Qc2 h6 15. Bxf6 Bxf6 16. Na4 Na6 17. Nxc5 Nxc5 18. Qxc5 Bxb2 19. Rb1 Bf6 20. Rfd1 Bxh4 21. gxh4 Ba6 22. Rxd5 Qg4 23. e3 Qxh4 24. Rd4 Rxd4 25. exd4 Qf6 26. Rd1 Be2 27. Bxa8 Bxd1 28. Be4 Qg5+ 29. Qxg5 hxg5 30. Kf1 Kf8 31. Ke1 Bg4 32. Kd2 Ke7 33. Kc3 Kd6 34. Kb4 Be2 35. a3 Bf1 36. Ka5 Be2 37. Bb7 f6 38. Ba6 Bf3 39. Bc4 Bb7 40. Kb5 Bc8 41. Bf7 Bb7 42. a4 Bc6+ 43. Ka5 Bb7 44. Bb3 Bc8 45. Kb5 Bb7 46. a5 Bc8 47. Bf7 Bb7 48. Bh5 f5 49. Be2 g4 50. Bf1 f4 51. Bc4 Bc8 52. Bf7 Bb7 53. Bg8 Bc8 54. d5 g5 55. Bf7 Bb7 56. Kc4 Bc8 57. Kd4 Bf5 58. Bh5 f3 59. Bf7 Bc2 60. Be6 Bb3 61. Ke4 Bc2+ 62. Ke3 Ba4 63. Bxg4 Kxd5 64. Kxf3 Kc5 65. Bc8 Kb5 66. a6 Bd1+ 67. Ke4 Kb6 68. Kf5 Kc7 69. Bb7 g4 70. Kf4 Be2 71. Be4 Kd6 72. Bf5 Bxa6 73. Bxg4 Bd3 74. h4 Bc2 75. h5 Ke7 76. Ke5 a5 77. Be6 a4 78. h6 Kf8 79. f4 Bb3 80. f5 Bc2 81. Kf6 Bxf5 82. Kxf5 a3 1-0

[Event "Wch U18 Girls"]
[Site "Porto Carras"]
[Date "2015.11.04"]
[Round "10"]
[White "Harazinska, Ewa"]
[Black "Derakhshani, Dorsa"]
[Result "1/2-1/2"]
[WhiteElo "2087"]
[BlackElo "2356"]
[PlyCount "82"]
[EventDate "2015.10.25"]
[EventType "swiss"]
[EventRounds "11"]
[EventCountry "GRE"]
[SourceTitle "CBM 169 Extra"]
[Source "ChessBase"]
[SourceDate "2015.12.18"]
[SourceVersion "1"]
[SourceVersionDate "2015.12.18"]
[SourceQuality "1"]

1. d4 f5 2. Nf3 g6 3. g3 Bg7 4. Bg2 Nf6 5. 0-0 0-0 6. b3 d6 7. Bb2 c6 8. c4 Na6 9. Nbd2 Rb8 10. a3 b5 11. Qc2 Kh8 12. Ra2 Qe8 13. Re1 Nh5 14. e4 f4 15. e5 d5 16. e6 fxg3 17. fxg3 bxc4 18. bxc4 Bf6 19. Kh1 Ng7 20. Qa4 Nxe6 21. Rxe6 Bxe6 22. Qxa6 dxc4 23. Bc3 Qd7 24. Ra1 Bd5 25. Re1 c5 26. Ne5 Bxg2+ 27. Kxg2 Qd5+ 28. Re4 cxd4 29. Bxd4 Rbc8 30. Bc3 Kg8 31. Kh3 Qd6 32. Qa4 Bxe5 33. Rxe5 Qd3 34. Qa5 Rf5 35. Qa6 Qd7 36. Rxe7 Rh5+ 37. Kg2 Qh3+ 38. Kf3 Qf5+ 39. Kg2 Qh3+ 40. Kf3 Qf5+ 41. Kg2 Qh3+ 1/2-1/2

[Event "Wch U18 Girls"]
[Site "Porto Carras"]
[Date "2015.10.27"]
[Round "3"]
[White "Harazinska, Ewa"]
[Black "Barchuk, Irina"]
[Result "1-0"]
[WhiteElo "2087"]
[BlackElo "2180"]
[PlyCount "178"]
[EventDate "2015.10.25"]
[EventType "swiss"]
[EventRounds "11"]
[EventCountry "GRE"]
[SourceTitle "CBM 169 Extra"]
[Source "ChessBase"]
[SourceDate "2015.12.18"]
[SourceVersion "1"]
[SourceVersionDate "2015.12.18"]
[SourceQuality "1"]

1. d4 g6 2. c4 Bg7 3. e4 Nc6 4. Be3 e5 5. dxe5 Qe7 6. Nc3 Bxe5 7. Nd5 Qd8 8. Rb1 d6 9. g3 Nce7 10. Bg2 c6 11. Nc3 Be6 12. Qe2 Bg7 13. Nf3 Nf6 14. 0-0 0-0 15. h3 h6 16. Rfd1 Qc8 17. Kh2 Rd8 18. Rbc1 Ne8 19. Bf4 g5 20. Be3 f5 21. Nd4 Bf7 22. Bf3 Nf6 23. b4 Bg6 24. exf5 Nxf5 25. b5 Nxd4 26. Bxd4 Re8 27. Qd2 Qf5 28. Bg2 c5 29. Bxf6 Bxf6 30. Bxb7 Rad8 31. Bc6 Re5 32. Nd5 Rf8 33. Nxf6+ Rxf6 34. Rf1 Qd3 35. Qb2 Kg7 36. Rce1 Qxc4 37. Rxe5 Qxf1 38. Re7+ Bf7 39. Rxa7 Qxf2+ 40. Qxf2 Rxf2+ 41. Kg1 Rb2 42. Bd5 Rxb5 43. Rxf7+ Kg6 44. Rb7 Ra5 45. Rb6 Kf5 46. Rxd6 Ke5 47. Rd8 Ra3 48. Bb3 c4 49. Bxc4 Rxg3+ 50. Kh2 Rc3 51. Bb3 h5 52. Rh8 h4 53. Rf8 Ke4 54. Rf2 Ke5 55. Bd1 Rc1 56. Bg4 Ra1 57. Kg2 Ke4 58. Re2+ Kf4 59. Rb2 Ke3 60. Rb3+ Ke4 61. a3 Ra2+ 62. Kf1 Rh2 63. Be2 Rh1+ 64. Kf2 Ra1 65. Rb4+ Ke5 66. a4 Ra3 67. Bg4 Kd5 68. Rb5+ Kc6 69. Bf3+ Kd6 70. a5 Ra2+ 71. Kf1 Ra1+ 72. Ke2 Ra2+ 73. Kd1 Ra3 74. Bg4 Kc6 75. Rxg5 Ra2 76. Kc1 Kb7 77. Kb1 Ra4 78. Kb2 Ka7 79. Kb3 Ra1 80. Rc5 Rb1+ 81. Kc4 Rf1 82. Kd4 Rf6 83. Ke5 Rf1 84. Rc6 Ra1 85. a6 Ra5+ 86. Kf6 Rd5 87. Bf5 Ra5 88. Kg5 Rb5 89. Rf6 Rb3 1-0

[Event "EU-ch U18 Girls 25th"]
[Site "Porec"]
[Date "2015.09.27"]
[Round "6"]
[White "Harazinska, Ewa"]
[Black "Khomeriki, Nino"]
[Result "0-1"]
[WhiteElo "2055"]
[BlackElo "2296"]
[PlyCount "70"]
[EventDate "2015.09.21"]
[EventType "swiss"]
[EventRounds "9"]
[EventCountry "CRO"]
[SourceTitle "EXT 2016"]
[Source "ChessBase"]
[SourceDate "2015.10.08"]
[SourceVersion "1"]
[SourceVersionDate "2015.10.08"]
[SourceQuality "1"]

1. d4 Nf6 2. c4 c5 3. d5 e6 4. Nc3 exd5 5. cxd5 d6 6. e4 g6 7. f4 Bg7 8. Bb5+ Nfd7 9. a4 0-0 10. Nf3 Na6 11. 0-0 Nb4 12. Re1 a6 13. Bf1 Re8 14. h3 f5 15. Bd2 fxe4 16. Nxe4 Nf6 17. Nxf6+ Bxf6 18. Qb3 Bd7 19. a5 Rxe1 20. Bxe1 Qc7 21. Bxb4 cxb4 22. Qxb4 Re8 23. Bd3 Re3 24. Rd1 Kg7 25. Kf2 Re8 26. Rd2 Qb8 27. g4 Kg8 28. Kg3 Re3 29. Bxa6 Qe8 30. Bf1 Bh4+ 31. Kg2 Rxf3 32. Kxf3 Qe1 33. Bg2 h5 34. a6 hxg4+ 35. hxg4 Bxg4+ 0-1

[Event "POL-chT 2nd League"]
[Site "Jastrzebia Gora"]
[Date "2015.09.05"]
[Round "1.57"]
[White "Warszawski, Bartosz"]
[Black "Harazinska, Ewa"]
[Result "1-0"]
[WhiteElo "2224"]
[BlackElo "2055"]
[PlyCount "97"]
[EventDate "2015.09.05"]
[EventType "team-swiss"]
[EventRounds "9"]
[EventCountry "POL"]
[SourceTitle "EXT 2017"]
[Source "ChessBase"]
[SourceDate "2016.10.25"]
[SourceVersion "1"]
[SourceVersionDate "2016.10.25"]
[SourceQuality "1"]
[WhiteTeam "Warszawa YMCA"]
[BlackTeam "Victoria Komplexbud"]
[WhiteTeamCountry "POL"]
[BlackTeamCountry "POL"]

1. e4 c5 2. Nf3 d6 3. d4 cxd4 4. Nxd4 Nf6 5. Nc3 a6 6. Be2 e6 7. 0-0 Be7 8. Be3 0-0 9. f4 Qc7 10. Qe1 Nc6 11. Qg3 Nxd4 12. Bxd4 b5 13. a3 Bb7 14. Kh1 Rad8 15. Rae1 Rd7 16. Bd3 Re8 17. Qh3 g6 18. f5 e5 19. fxg6 hxg6 20. Be3 Qd8 21. Rf3 Bc8 22. Ref1 Rb7 23. Qg3 Be6 24. Qe1 d5 25. exd5 Nxd5 26. Ne4 Kg7 27. Nc5 Bxc5 28. Bxc5 Qc7 29. b4 Rh8 30. Rg3 Rbb8 31. Qe4 Rh6 32. Re1 Rbh8 33. h3 Nf4 34. Qxe5+ Qxe5 35. Rxe5 Nxd3 36. Rxd3 Bf5 37. Rd2 Bxh3 38. gxh3 Rxh3+ 39. Kg1 Rh1+ 40. Kf2 R8h2+ 41. Ke3 Re1+ 42. Kf3 Rxd2 43. Rxe1 Rxc2 44. Ke4 Rd2 45. Bd4+ Kg8 46. Rh1 f5+ 47. Kd5 Rd3 48. Rh6 Rxa3 49. Ke6 1-0

[Event "POL-chT U19 1st League"]
[Site "Ustron"]
[Date "2015.07.30"]
[Round "6.17"]
[White "Harazinska, Ewa"]
[Black "Antolak, Julia"]
[Result "1-0"]
[WhiteElo "2034"]
[BlackElo "1974"]
[PlyCount "57"]
[EventDate "2015.07.25"]
[EventType "team-tourn"]
[EventRounds "9"]
[EventCountry "POL"]
[SourceTitle "EXT 2018"]
[Source "ChessBase"]
[SourceDate "2017.10.13"]
[SourceVersion "1"]
[SourceVersionDate "2017.10.13"]
[SourceQuality "1"]
[WhiteTeam "Victoria Komplexbud U19"]
[BlackTeam "Grzybowo GKSz Solny U19"]
[WhiteTeamCountry "POL"]
[BlackTeamCountry "POL"]

1. d4 Nf6 2. c4 d6 3. Nc3 e5 4. Nf3 Nbd7 5. Bg5 Be7 6. e3 c6 7. Qc2 a6 8. 0-0-0 Qc7 9. Bd3 b5 10. dxe5 dxe5 11. Ne4 Bb7 12. c5 h6 13. Bxf6 Nxf6 14. Nd6+ Bxd6 15. cxd6 Qxd6 16. Bxb5 Qc7 17. Ba4 0-0 18. Rhg1 c5 19. Nd2 Nd5 20. a3 Nb6 21. Nc4 Rad8 22. Bb3 Rxd1+ 23. Rxd1 Bxg2 24. Rg1 Bb7 25. Qf5 Nxc4 26. Qf6 g6 27. Bxc4 Be4 28. f3 Qc6 29. Rxg6+ 1-0